Statistiques concernant Belles belles belles [Paroles entières]

Cliquez ici pour prendre le quiz!

Statistiques générales

  • Ce quiz a été pris 387 fois
  • Le résultat moyen est 194 sur 240

Statistiques - réponses

XParoles% Correct
Belle
99%
belle
99%
jour
99%
le
99%
Comme
98%
comme
98%
la
98%
98%
StropheUn
97%
un
97%
elle
96%
belles
95%
RefrainBelles
95%
Elles
95%
sont
95%
Tu
95%
tu
95%
l'amour
94%
toutes
94%
de
93%
Les
93%
mon
93%
à
92%
A
92%
a
92%
me
92%
filles
88%
père
88%
ces
87%
des
87%
en
87%
En
87%
te
87%
dit
85%
il
85%
pas
85%
sais
84%
C'est
83%
crois
83%
ton
83%
mais
82%
Mais
82%
moi
82%
y
82%
StropheEt
80%
et
80%
que
80%
garçon
79%
plus
79%
Plus
79%
choses
77%
fou
77%
Fou
77%
qu'un
77%
savoir
77%
doit
76%
joie
76%
toi
76%
âge
75%
c'que
75%
rendront
75%
Fiston
74%
soir
73%
je
71%
méfie
69%
rencontrer
69%
sortir
69%
vas
69%
verra
69%
vieux
69%
disait
68%
même
64%
pour
64%
ta
64%
j'te
63%
oublieras
63%
douleur
62%
Peut-être
62%
puis
62%
d'rentrer
61%
souviendras
61%
es
60%
t'en
60%
auras
57%
Dans
57%
comprendras
56%
D'elles
56%
d'elles
56%
verras
56%
lui
54%
moments
53%
sera
52%
voudras
52%
bonheur
51%
coeur
51%
meilleur
51%
pire
51%
j'ai
48%
n'pourras
48%
vous
48%
dira
47%
maman
47%
parler
47%
dire
46%
vrai
46%
t'aime
45%
aux
43%
yeux
41%
l'embrassant
40%
tromper
40%
unis
40%
clin
39%
d'oeil
39%
tiendras
35%
enfin
34%
n'peux
33%
s'rez
32%
voois
4%

Distribution des résultats

Percentile par nombre de réponses

% des personnes avec chaque résultat

Votre développement - résultats

Vous n’avez pas pris ce quiz